Denzel Washington Movies Quiz Stats

 Plays Quiz Updated Dec 31, 2020

     
Support Sporcle.
Go Orange.
Score 0/47 Timer 08:00
1 Play Today
Year Movie Title % Correct
2001Training Day
76.3%
2000Remember the Titans
69.8%
2018The Equalizer 2
68.6%
2004Man on Fire
66.5%
2014The Equalizer
63.7%
2007American Gangster
63.6%
2016Fences
60.9%
2002John Q.
60.3%
2012Flight
59%
1989Glory
50.1%
2006Deja Vu
49.9%
2010The Book of Eli
44.1%
1999The Hurricane
43.3%
1992Malcolm X
43.1%
2012Safe House
43%
2006Inside Man
40.5%
1993Philadelphia
39.6%
2016The Magnificent Seven
37.7%
2017Roman J. Israel, Esq.
34.8%
1999The Bone Collector
34.6%
2009The Taking of Pelham 1 2 3
34.2%
1993The Pelican Brief
33.9%
20132 Guns
32.3%
1998He Got Game
31%
Year Movie Title % Correct
2003Out of Time
29.1%
1995Crimson Tide
28.5%
2007The Great Debaters
28.4%
2004The Manchurian Candidate
24.8%
1995Devil in A Blue Dress
22.3%
1998Fallen
22.1%
1996The Preacher's Wife
21.2%
1996Courage Under Fire
20.6%
2010Unstoppable
19.8%
2002Antwone Fisher
16.9%
1990Mo' Better Blues
16.7%
1998The Siege
16.1%
1995Virtuosity
15.5%
1991Ricochet
13.5%
1993Much Ado About Nothing
13.3%
1987Cry Freedom
13.3%
1989The Mighty Quinn
11%
1992Mississippi Masala
11%
1984A Soldier's Story
10.2%
1981Carbon Copy
9%
1990Heart Condition
6.8%
1986Power
5.8%
1989For Queen & Country
5.8%

From the Vault

Sightseeing in Europe

by jonesjeffum

Can't quite make it to Europe? Don't worry, you can see the sights on Sporcle.
Remove Ads.
Support Sporcle.
Get the best of Sporcle when you Go Orange. This ad-free experience offers more features, more stats, and more fun while also helping to support Sporcle. Thank you for becoming a member.

Show Comments

Extras

Top Quizzes Today


Score Distribution

Your Account Isn't Verified!

In order to create a playlist on Sporcle, you need to verify the email address you used during registration. Go to your Sporcle Settings to finish the process.

Report this User

Report this user for behavior that violates our Community Guidelines.

Details: